000
00309nam a2200157Ia 4500
100
_a
Sharma/J.K
250
_a
4
942
_c
BK
366
_f
25
245
_a
Operation Research
260
_b
Macmillan
_c
2007
082
_a
658.4034
_b
SHA
300
_a
958
546
_a
ENGLISH
_c
Info.Tech
999
_c
35509
_d
35509